Giáo trình công nghệ môi trường

Trình bày những kiến thức cơ bản, kĩ năng tiến hành nghiên cứu xử lý chất thải phát sinh trong sản xuất công nông nghiệp, giao thông vận tải, sinh hoạt như: xử lý các chất thải gây ô nhiễm không khí, xử lý nước và nước thải, xử lý chất thải rắn...

وصف كامل

محفوظ في:
التفاصيل البيبلوغرافية
المؤلف الرئيسي: Trịnh Thị Thanh
مؤلفون آخرون: Trầm Yêm (Biên soạn), Đồng Kim Loan (Biên soạn)
التنسيق: كتاب
اللغة:Vietnamese
منشور في: H. Đại học Quốc gia Hà Nội 2007
الطبعة:In lần thứ 3
الموضوعات:
الوسوم: إضافة وسم
لا توجد وسوم, كن أول من يضع وسما على هذه التسجيلة!
Thư viện lưu trữ: Mạng thư viện Đại học Đà Nẵng
LEADER 01573nam a2200397 4500
001 000009129
003 5323
005 20120315090325.0
008 111025s2007 viesd
020 |c 25000đ 
041 0 |a vie 
082 |a 363.7  |b TR-T 
100 0 |a Trịnh Thị Thanh 
245 0 |a Giáo trình công nghệ môi trường  |c Trịnh Thị Thanh, Trần Yêm, Đồng Kim Loan 
250 |a In lần thứ 3 
260 |a H.  |b Đại học Quốc gia Hà Nội  |c 2007 
300 |a 254tr  |c 21cm 
504 |a Mục lục tr3 
520 |a Trình bày những kiến thức cơ bản, kĩ năng tiến hành nghiên cứu xử lý chất thải phát sinh trong sản xuất công nông nghiệp, giao thông vận tải, sinh hoạt như: xử lý các chất thải gây ô nhiễm không khí, xử lý nước và nước thải, xử lý chất thải rắn 
653 |a Chất thải 
653 |a Công nghệ 
653 |a Xử lý 
653 |a Môi trường 
700 |a Trầm Yêm  |e Biên soạn 
700 |a Đồng Kim Loan  |e Biên soạn 
910 |a Thương  |d 25/10/2011 
OWN |a LSP 
AVA |a UDN50  |b LSP  |d 363.7 TR-T  |e check_holdings  |t Error 5003 Not defined in file expand_doc_bib_avail.  |h N  |k 1 
999 |a From the UDN01 
AVA |a UDN50  |b LSP  |d 363.7 TR-T  |e available  |t Error 5001 Not defined in file expand_doc_bib_avail.  |f 29  |g 1  |h N  |i 64  |k 1 
TYP |a Monograph 
TYP |a Printed language 
980 |a Mạng thư viện Đại học Đà Nẵng